Name the European country with ___ population - Statistics

General Stats
  • This quiz has been taken 44 times
  • The average score is 10 of 12
Answer Stats
Population Answer % Correct
60,460,000 Italy
98%
801 Vatican City
98%
67,890,000 UK
95%
9,000,000 Austria
90%
5,420,000 Norway
90%
340,000 Iceland
88%
10,420,000 Greece
86%
9,660,000 Hungary
83%
43,730,000 Ukraine
83%
1,320,000 Estonia
81%
3,280,000 Bosnia & Herzegovina
69%
4,000,000 Moldova
60%
No matching quizzes found
Score Distribution
Percent of People with Each Score
Percentile by Number Answered
Your Score History
You have not taken this quiz